[Event "Sparkassen Open"]
[Site "Dortmund GER"]
[Date "2008.07.01"]
[Round "2"]
[White "Knapp,M"]
[Black "Krallmann,M"]
[Result "0-1"]
[WhiteElo "1964"]
[BlackElo "2276"]

1.d4 d5 2.c4 dxc4 3.e3 Nf6 4.Bxc4 e6 5.Nf3 c5 6.O-O a6 7.dxc5 Qxd1 8.Rxd1 Bxc5
9.a3 b5 10.Be2 Bb7 11.b4 Be7 12.Bb2 Nbd7 13.Nbd2 O-O 14.Rac1 Rac8 15.Ne5 Nxe5
16.Bxe5 Nd7 17.Bd4 Rfd8 18.Nb3 Bd5 19.Rxc8 Rxc8 20.Rc1 Rxc1+ 21.Nxc1 e5 22.Bb2 f6
23.Bd1 Kf7 24.Bb3 Ke6 25.e4 Bxb3 26.Nxb3 Nb6 27.f3 Nc4 28.Bc1 Kd7 29.Kf2 Kc6
30.Ke2 Kb6 31.Be3+ Kb7 32.Bc1 a5 33.bxa5 Ka6 34.Kd3 Nxa3 35.Bd2 b4 36.Bc1 Kb5
37.Bxa3 bxa3 38.Kc2 Bb4 39.a6 Kxa6 40.Na1 Kb5 41.Kb3 Bc5 42.Nc2 a2 43.Kxa2 Kc4
44.Kb2 Kd3 45.h4 h5 46.Kb3 Bf2  0-1

[Event "Ladoga Summer"]
[Site "Novaya Ladoga RUS"]
[Date "2008.07.08"]
[Round "8"]
[White "Abramov,Valen"]
[Black "Anjuhin,A"]
[Result "1/2-1/2"]
[WhiteElo "2339"]
[BlackElo "2346"]

1.d4 d5 2.c4 dxc4 3.Nf3 Nf6 4.e3 e6 5.Bxc4 c5 6.O-O a6 7.Bb3 Nc6 8.Qe2 cxd4
9.Rd1 d3 10.Rxd3 Qc7 11.Nc3 Bc5 12.h3 O-O 13.e4 Nd7 14.Rd1 Nde5 15.Bf4 Nxf3+
16.Qxf3 e5 17.Nd5 Qd6 18.Bg5 Qg6 19.Bh4 Be6 20.Rac1 Bxd5 21.Bxd5 Bd4 22.Qb3 Rab8
23.Kh2 Qh5 24.Bg3 Qe2 25.Qc2 Qxc2 26.Rxc2 Nb4 27.Rc4 Nxd5 28.Rcxd4 exd4 29.Bxb8 Rxb8
30.exd5 Kf8 31.Kg3 Ke7 32.Rxd4 Kd6 33.Rd2 Rc8 34.Kf4 Rc4+ 35.Ke3 Rc5 36.Ke4 Rc4+
37.Kf5 Rc5 38.h4 Rxd5+ 39.Rxd5+ Kxd5 40.h5 h6 41.g4 Kd4 42.f4 Ke3 43.g5 Kf3
44.g6 fxg6+ 45.hxg6 h5 46.Kg5 h4 47.f5 h3 48.f6 gxf6+ 49.Kxf6 h2 50.g7 h1=Q
51.g8=Q Qh4+ 52.Ke5 Qe4+ 53.Kd6  1/2-1/2

[Event "FSIM July"]
[Site "Budapest HUN"]
[Date "2008.07.09"]
[Round "5"]
[White "Rapport,R"]
[Black "Husari,Sa"]
[Result "1/2-1/2"]
[WhiteElo "2275"]
[BlackElo "2362"]

1.d4 d5 2.c4 dxc4 3.e3 Nf6 4.Bxc4 e6 5.Nf3 c5 6.O-O a6 7.Bd3 Nc6 8.Nc3 Qc7
9.a3 b5 10.dxc5 Bxc5 11.b4 Be7 12.Bb2 Bb7 13.Rc1 Rd8 14.Qe2 O-O 15.Ne4 Nd7
16.Bb1 Qb8 17.Rfd1 h6 18.Qc2 g6 19.h4 Nce5 20.Nxe5 Nxe5 21.h5 Rxd1+ 22.Qxd1 Rd8
23.Qe2 Bd5 24.f4 Bc4 25.Bxe5 Bxe2 26.Bxb8 Rxb8 27.hxg6 fxg6 28.Rc7 Bh4 29.Ba2 Bg4
30.g3 Bd8 31.Rc6 Kg7 32.Nc5 e5 33.fxe5 Bg5 34.Rc7+ Kh8 35.e4 a5 36.bxa5 Rf8
37.Nd3 Rf3 38.Rf7 Rxd3 39.Rf8+ Kg7 40.Rf7+ Kh8 41.Rf8+  1/2-1/2

[Event "FSIM July"]
[Site "Budapest HUN"]
[Date "2008.07.10"]
[Round "6"]
[White "Husari,Sa"]
[Black "Petursson,G"]
[Result "1-0"]
[WhiteElo "2362"]
[BlackElo "2135"]

1.d4 d5 2.c4 dxc4 3.Nf3 Nf6 4.e3 e6 5.Bxc4 c5 6.O-O Be7 7.Nc3 cxd4 8.exd4 O-O
9.Re1 Nbd7 10.a3 Nb6 11.Ba2 Nbd5 12.Qd3 a6 13.Bg5 b5 14.Nxd5 exd5 15.Ne5 Bb7
16.Re3 Re8 17.Rae1 Ne4 18.Nxf7 Qb6 19.Rxe4 Qg6 20.Qg3 Bxg5 21.Nxg5 Rxe4 22.Rxe4  1-0

[Event "Heart of Finland"]
[Site "Jyvaskyla FIN"]
[Date "2008.07.15"]
[Round "6"]
[White "Tiitta,S"]
[Black "Verkasalo,T"]
[Result "1-0"]
[WhiteElo "2204"]
[BlackElo "2097"]

1.d4 d5 2.c4 dxc4 3.Nf3 Nf6 4.e3 e6 5.Bxc4 c5 6.O-O a6 7.Bd3 b5 8.a4 b4 9.Nbd2 Bb7
10.Nc4 Nbd7 11.Qe2 Ne4 12.Nfe5 Nb6 13.Qf3 f5 14.Nxb6 Qxb6 15.Bxe4 Bxe4 16.Qh5+ g6
17.Nxg6 hxg6 18.Qxh8 O-O-O 19.Qf6 Bd6 20.dxc5 Bxc5 21.b3 Rf8 22.Qg7 f4 23.exf4 Rd8
24.Ra2 Qc6 25.Be3 Bxg2 26.Rc2 Rd7 27.Qxg6 Be4 28.Rxc5 Qxc5 29.Qe8+ Kc7 30.Qxd7+  1-0

[Event "Inautomarket Open"]
[Site "Minsk BLR"]
[Date "2008.07.17"]
[Round "8"]
[White "Yevseev,D"]
[Black "Rozum,I"]
[Result "1/2-1/2"]
[WhiteElo "2510"]
[BlackElo "2444"]

1.Nf3 d5 2.d4 Nf6 3.c4 dxc4 4.e3 e6 5.Bxc4 c5 6.O-O a6 7.Bd3 Nc6 8.Nc3 cxd4
9.exd4 Be7 10.Bg5 O-O 11.Qd2 g6 12.Bc2 b6 13.Rad1 Bb7 14.a3 Rc8 15.Rfe1 Na5
16.Ne5 Nc4 17.Nxc4 Rxc4  1/2-1/2

[Event "ch-AUT"]
[Site "Leoben AUT"]
[Date "2008.07.19"]
[Round "1"]
[White "Scheiblmaier,R"]
[Black "Kleiser,G"]
[Result "1/2-1/2"]
[WhiteElo "2133"]
[BlackElo "2329"]

1.d4 d5 2.c4 e6 3.Nf3 dxc4 4.e3 Nf6 5.Bxc4 c5 6.O-O Nc6 7.Qe2 a6 8.a3 cxd4
9.Rd1 b5 10.Ba2 Be7 11.exd4 O-O 12.Nc3 b4 13.Ne4 Bb7 14.Nxf6+ Bxf6 15.d5 exd5
16.Bxd5 Nd4 17.Rxd4 Bxd5 18.Rxb4 a5 19.Rb5 Rc8 20.Qe1 Bxf3 21.gxf3 Qd3 22.Qf1 Qxf3
23.Be3 Rc2 24.Qg2 Qe2 25.Qf1 Qg4+ 26.Qg2 Qa4 27.Qb7 h5 28.Rb1 Rfc8 29.Qd5 Qg4+
30.Qg2 Qh4 31.Rxa5 Bxb2 32.Ra8 Qc4 33.Rxc8+ Qxc8 34.Qg3 Qf5 35.Qb8+ Kh7 36.Rxb2 Qg4+
37.Kh1 Qe4+ 38.Kg1 Qg4+ 39.Kh1 Qf3+ 40.Kg1 Rc6 41.Rb6 Qd1+ 42.Kg2 Qd5+ 43.Kg1 Qd1+
44.Kg2 Qd5+ 45.Kg1  1/2-1/2

[Event "Politiken Cup"]
[Site "Helsingor DEN"]
[Date "2008.07.20"]
[Round "2"]
[White "Iljushin,A"]
[Black "Struch,T"]
[Result "1-0"]
[WhiteElo "2546"]
[BlackElo "2149"]

1.d4 d5 2.c4 dxc4 3.Nf3 Nf6 4.e3 e6 5.Bxc4 c5 6.O-O a6 7.Bb3 Nbd7 8.a4 b6
9.Nc3 Bb7 10.d5 exd5 11.Nxd5 Nxd5 12.Bxd5 Bxd5 13.Qxd5 Be7 14.Rd1 Qc8 15.e4 Nf6
16.Qc4 Qe6 17.Qxe6 fxe6 18.Ng5 e5 19.Be3 Ng4 20.Bd2 Bf6 21.h3 Nh6 22.a5 b5
23.Ne6 Rc8 24.Be3 Rc6 25.Nxc5 O-O 26.Nd7 Rfc8 27.Nb6 Rf8 28.Rac1 Rxc1 29.Rxc1 Rd8
30.Nd5 Rd6 31.Rc8+ Kf7 32.Bc5 Rd8 33.Rc7+  1-0

[Event "19th Czech Chladek & Tintera A Open"]
[Site "Pardubice CZE"]
[Date "2008.07.22"]
[Round "5"]
[White "Bogner,S"]
[Black "Vorobiov,E"]
[Result "1/2-1/2"]
[WhiteElo "2467"]
[BlackElo "2550"]

1.d4 d5 2.c4 dxc4 3.e3 Nf6 4.Bxc4 e6 5.Nf3 c5 6.O-O a6 7.dxc5 Qxd1 8.Rxd1 Bxc5
9.Be2 b6 10.Ne5 Bb7 11.Nc3 Nbd7 12.Nxd7 Nxd7 13.Na4 Ke7 14.Nxc5 Nxc5 15.Bd2 Rhd8
16.f3 a5 17.Bc3 f6 18.Rxd8 Rxd8 19.Rc1 Na4 20.Bd4 e5 21.Bb5 exd4 22.Rc7+ Kf8
23.Bxa4 Bd5 24.exd4 Bxa2 25.Bd7 Ke7 26.Bf5+ Kf8 27.Bd7  1/2-1/2

[Event "Politiken Cup"]
[Site "Helsingor DEN"]
[Date "2008.07.23"]
[Round "6"]
[White "Arkhangelsky,B"]
[Black "Struch,T"]
[Result "1/2-1/2"]
[WhiteElo "2340"]
[BlackElo "2149"]

1.d4 d5 2.c4 dxc4 3.Nf3 Nf6 4.e3 e6 5.Bxc4 c5 6.O-O a6 7.Bb3 Nbd7 8.a4 Bd6
9.Qe2 Qc7 10.Nbd2 O-O 11.Nc4 Be7 12.a5 b5 13.axb6 Nxb6 14.Nce5 Bb7 15.Bd2 Nbd7
16.Ba5 Qb8 17.Bc4 Nxe5 18.Nxe5 Bd6 19.Bc3 Qc8 20.Bd3 Bxe5 21.dxe5 Qc6 22.f3 Nd5
23.Ba5 c4 24.Bxc4 Nxe3 25.Qxe3 Qxc4  1/2-1/2

[Event "19th Czech Chladek & Tintera A Open"]
[Site "Pardubice CZE"]
[Date "2008.07.23"]
[Round "6"]
[White "Biriukov,O"]
[Black "Zickus,S"]
[Result "1/2-1/2"]
[WhiteElo "2391"]
[BlackElo "2269"]

1.d4 d5 2.c4 dxc4 3.Nf3 Nf6 4.e3 e6 5.Bxc4 c5 6.O-O Nc6 7.Nc3 a6 8.Qe2 cxd4
9.Rd1 b5 10.Bb3 Na5 11.Nxd4 Qb6 12.e4 Bc5 13.Be3 Bb7 14.e5 Nxb3 15.axb3 Nd5
16.Nxd5 Bxd5 17.Qg4 Kf8 18.Rac1 Bxd4 19.Bxd4 Qb7 20.Rc3 h5 21.Qg5 b4 22.Rg3 Rh7
23.Bc5+ Kg8 24.h4 Rc8 25.Be7 Be4 26.Rd4 Bg6 27.Bxb4 Rh8 28.Bc3 Kh7 29.b4 Qb5
30.Qd2 Rc4 31.Rf3 Rxd4 32.Qxd4 Rc8 33.Rf4  1/2-1/2

[Event "Dutch Open"]
[Site "Dieren NED"]
[Date "2008.07.24"]
[Round "3"]
[White "Ikonnikov,Vy"]
[Black "Struik,T"]
[Result "1-0"]
[WhiteElo "2592"]
[BlackElo "2203"]

1.d4 d5 2.Nf3 Nf6 3.c4 dxc4 4.e3 e6 5.Bxc4 c5 6.O-O a6 7.Bb3 b5 8.a4 b4 9.Nbd2 Bb7
10.e4 Be7 11.e5 Nfd7 12.Nc4 O-O 13.Bc2 Nc6 14.Qd3 g6 15.Bh6 Re8 16.Nd6 Bxd6
17.exd6 cxd4 18.Nxd4 Qh4 19.Nxc6 Qxh6 20.Ne7+ Kh8 21.Qd4+ e5 22.Qxb4 Rab8
23.Qc4 Qg5 24.f3 Qf6 25.Rad1 Nb6 26.Qc7 Ba8 27.a5 Rb7 28.axb6  1-0

[Event "1st Open"]
[Site "Paleochora GRE"]
[Date "2008.07.24"]
[Round "5"]
[White "Iskusnyh,S"]
[Black "Panagiotopoulos,A"]
[Result "1-0"]
[WhiteElo "2499"]
[BlackElo "2197"]

1.d4 d5 2.c4 dxc4 3.Nf3 Nf6 4.e3 e6 5.Bxc4 c5 6.O-O a6 7.Bb3 b5 8.a4 b4 9.e4 Bb7
10.e5 Nfd7 11.Nbd2 Be7 12.Nc4 Nc6 13.Bg5 O-O 14.Nd6 Rb8 15.Nxb7 Rxb7 16.d5 Ncxe5
17.Bxe7 Qxe7 18.dxe6 c4 19.Bc2 fxe6 20.Nxe5 Nxe5 21.Qe2 Ng6 22.Bxg6 hxg6
23.Qxc4 Rc7 24.Qxa6 Rc2 25.b3 Qf6 26.Qb6 Qb2 27.Qxe6+ Kh7 28.Qh3+ Kg8 29.Qd3 Rcxf2
30.Rxf2 Qxf2+ 31.Kh1 Re8 32.Qc4+ Kh7 33.Qxb4 Re2 34.Rg1 Rb2 35.Qc3 Rc2 36.Qf3 Qxf3
37.gxf3 Rb2 38.Ra1 Rxb3 39.Kg2 Rb6 40.a5 Ra6 41.Kf2 Kh6 42.Ke3 Kh5 43.Ra4 g5
44.Kd3 Rf6 45.a6 Rxf3+ 46.Kc4 Rf8 47.a7 Ra8 48.Kb5 g4 49.Kb6 Kh4 50.Ra3 Rf8
51.Kb7 Rf7+ 52.Kc6 Rf8 53.a8=Q Rxa8 54.Rxa8 Kh3 55.Rh8+ Kg2 56.Kd5  1-0

[Event "19th Czech Chladek & Tintera A Open"]
[Site "Pardubice CZE"]
[Date "2008.07.26"]
[Round "9"]
[White "Babula,V"]
[Black "Vorobiov,E"]
[Result "1/2-1/2"]
[WhiteElo "2597"]
[BlackElo "2550"]

1.d4 d5 2.c4 dxc4 3.e3 Nf6 4.Bxc4 e6 5.Nf3 c5 6.O-O a6 7.Bb3 Nc6 8.Nc3 b5
9.d5 exd5 10.a4 Rb8 11.axb5 axb5 12.Bxd5 Nxd5 13.Nxd5 Bd6 14.b3 O-O 15.Ra2 Ne5
16.Rd2 Bb7 17.Bb2 Nxf3+ 18.Qxf3 Qh4 19.g3 Qh6 20.Rfd1 Qe6 21.e4 Be5 22.Bxe5  1/2-1/2

[Event "Sun Pawn B"]
[Site "Illichevsk UKR"]
[Date "2008.07.28"]
[Round "8"]
[White "Razin,V"]
[Black "Bogdanovich,S"]
[Result "1/2-1/2"]
[WhiteElo "2288"]
[BlackElo "2299"]

1.d4 d5 2.c4 dxc4 3.Nf3 Nf6 4.e3 e6 5.Bxc4 c5 6.O-O Nc6 7.dxc5 Bxc5 8.Qc2 Qe7
9.a3 O-O 10.Nc3 b6 11.e4 Nd4 12.Nxd4 Bxd4 13.Nb5 Be5 14.f4 Bb8 15.e5 Qc5+
16.Kh1 Ba6 17.Qe2 Nd5 18.Bd2 Bb7 19.Rac1 a6 20.Bd3 Qe7 21.Nd4 b5 22.Rf3 Ba7
23.Rh3 h6 24.Qe4 f5 25.exf6 Nxf6 26.Qxe6+ Qxe6 27.Nxe6 Ng4 28.Be1 Rae8 29.f5 Rf7
30.Rg3 Ne5 31.Be2 g6 32.h3 Rxf5 33.Rc7 Rxe6 34.Rxb7 Nc6 35.Bc3 Bb8 36.Rg7+ Kf8
37.R3xg6 Rxe2 38.Rg8+ Ke7 39.Bb4+ Kd7 40.R6g7+ Ke6 41.Rxb8 Nxb8 42.Re7+ Kd5
43.Rxe2 Nc6 44.Bc3 h5 45.Rd2+ Kc5 46.g3 a5 47.Bxa5 Nxa5 48.b4+ Kc4 49.bxa5 Rf3
50.Kg2 Rxa3 51.Rf2 b4 52.Rf4+ Kc3 53.Rf3+ Kc2 54.Rf2+ Kc1 55.Rf1+ Kc2 56.Rf2+ Kb1
57.Rf1+ Kb2 58.Rf2+ Kc3 59.Rf3+ Kc4 60.Rf4+ Kc3 61.Rf3+ Kb2 62.Rf2+ Kb1 63.Rf1+ Ka2
64.Rf2+ Ka1 65.Rf1+ Ka2 66.Rf2+ Kb1 67.Rf1+ Kc2 68.Rf2+ Kc3 69.Rf3+ Kc4 70.Rf4+ Kb5
71.Rf5+ Kc4 72.Rf4+ Kc5 73.Rf5+  1/2-1/2

[Event "41st Festival MTO"]
[Site "Biel SUI"]
[Date "2008.07.29"]
[Round "8"]
[White "Ivanisevic,I"]
[Black "Raetsky,A"]
[Result "1-0"]
[WhiteElo "2664"]
[BlackElo "2421"]

1.d4 d5 2.c4 dxc4 3.e3 c5 4.Bxc4 e6 5.Nf3 Nf6 6.O-O Nc6 7.Qe2 cxd4 8.Rd1 Be7
9.Nc3 O-O 10.Nxd4 Nxd4 11.exd4 Nd5 12.Qf3 Nxc3 13.bxc3 Rb8 14.Bb3 b5 15.Rd3 Bd6
16.Qe2 Bb7 17.Rh3 Qf6 18.Bc2 g6 19.Qg4 e5 20.Bg5 Qe6 21.Qh4 h5 22.Re3 Qd5
23.Be4 Qc4 24.Bh6 Qe6 25.Bxb7 Rxb7 26.Bxf8 Kxf8 27.Qe4 Rc7 28.dxe5 Be7 29.Rd3 Kg7
30.Qd5 Qb6 31.Re1  1-0

[Event "DOBA as GM CUP"]
[Site "Mlada Boleslav CZE"]
[Date "2008.07.31"]
[Round "6"]
[White "Spirin,O"]
[Black "Cernousek,L"]
[Result "1/2-1/2"]
[WhiteElo "2446"]
[BlackElo "2436"]

1.d4 d5 2.c4 dxc4 3.Nf3 Nf6 4.e3 e6 5.Bxc4 c5 6.O-O a6 7.Bb3 b5 8.a4 b4 9.Nbd2 Bb7
10.e4 Be7 11.e5 Nfd7  1/2-1/2

[Event "III Open"]
[Site "Oviedo ESP"]
[Date "2008.07.31"]
[Round "9"]
[White "Manolache,M"]
[Black "Guliyev,N"]
[Result "1/2-1/2"]
[WhiteElo "2521"]
[BlackElo "2510"]

1.d4 d5 2.c4 c6 3.Nf3 Nf6 4.e3 e6 5.Bd3 dxc4 6.Bxc4 c5 7.O-O a6 8.dxc5 Bxc5
9.Qxd8+ Kxd8 10.Ne5 Ke7 11.Be2 Nfd7 12.Nd3  1/2-1/2

[Event "8th United Insurance"]
[Site "Dhaka BAN"]
[Date "2008.08.05"]
[Round "9"]
[White "Mirza,Sh"]
[Black "Abu Sufian,S"]
[Result "1/2-1/2"]
[WhiteElo "2282"]
[BlackElo "2418"]

1.d4 d5 2.c4 dxc4 3.Nf3 Nf6 4.e3 e6 5.Bxc4 c5 6.O-O a6 7.a4 Qc7 8.Qe2 Be7
9.Nc3 Nc6 10.dxc5 Bxc5 11.e4 O-O 12.h3 Nd4 13.Nxd4 Bxd4 14.Bg5 h6 15.Bxf6 Bxf6
16.Rfc1 Bd7 17.Bd3 Qd6 18.Rd1 Bd4 19.Bc4 Bc6 20.Qd3 Rad8 21.Qc2 Qc5 22.Bd3 Rd7
23.Rd2 Rfd8 24.Bf1 Bxf2+ 25.Rxf2 Rd2 26.Qxd2 Rxd2 27.Nd1 Qd4  1/2-1/2

[Event "12th HZ Open"]
[Site "Vlissingen NED"]
[Date "2008.08.06"]
[Round "6"]
[White "Schut,L"]
[Black "Genzling,A"]
[Result "0-1"]
[WhiteElo "2135"]
[BlackElo "2326"]

1.d4 d5 2.c4 dxc4 3.Nf3 Nf6 4.e3 e6 5.Bxc4 c5 6.O-O a6 7.dxc5 Bxc5 8.Qxd8+ Kxd8
9.Be2 Nc6 10.b3 Ke7 11.Bb2 Rd8 12.Nbd2 b6 13.Rac1 Bb7 14.Rfd1 Nb4 15.a3 Nd3
16.Bxd3 Rxd3 17.Ne5 Rd5 18.b4 Bd6 19.Nec4 Nd7 20.e4 Rd3 21.Bc3 Rc8 22.Bxg7 Bf4
23.Bb2 b5 24.Ne3 Rxc1 25.Bxc1 Bxe4 26.Re1 Bb7 27.Nf3 Bxe3 28.fxe3 Bxf3 29.gxf3 Ne5
30.Kf2 Rc3 31.Ke2 Rc2+ 32.Kd1 Rxh2 33.Rf1 Nc4 34.e4 h5 35.f4 h4 36.f5 e5
37.Rf3 f6 38.Rd3 h3 39.Rg3 Rh1+ 40.Kc2 h2 41.Rh3 Nd6 42.Be3 Ra1 43.Bc1 Nc4
44.Rh7+ Ke8 45.Rh8+ Kf7 46.Rh7+ Kg8 47.Rh3 Nxa3+ 48.Kd1 Ra2 49.Bxa3 Rxa3  0-1

[Event "FSIMB August"]
[Site "Budapest HUN"]
[Date "2008.08.08"]
[Round "7"]
[White "Schloetzer,W"]
[Black "Moen,A"]
[Result "0-1"]
[WhiteElo "2280"]
[BlackElo "2297"]

1.d4 d5 2.c4 dxc4 3.Nf3 Nf6 4.e3 c5 5.Bxc4 e6 6.O-O a6 7.b3 b5 8.Be2 Nbd7
9.Bb2 Bb7 10.a4 b4 11.Nbd2 Be7 12.Rc1 O-O 13.Nc4 Nd5 14.Qd2 cxd4 15.Bxd4 Nc5
16.Qb2 f6 17.Rfd1 Qc7 18.Ncd2 Rac8 19.Ne4 Qa5 20.Bxc5 Bxc5 21.Nxc5 Rxc5 22.Rxc5 Qxc5
23.Bc4 Kh8 24.Qd4 Qc6 25.Ne1 h6 26.f3 Qc7 27.Nd3 e5 28.Qc5 Qxc5 29.Nxc5 Nxe3
30.Rd7 Bc8 31.Ra7 Nxc4 32.bxc4 Bf5 33.Rb7 a5 34.Nb3 Bc2 35.Nxa5 Ra8 36.Nc6 b3
37.a5 Ra6 38.Ne7 Rxa5 39.Kf2 Ra2  0-1

[Event "Najdorf Memorial Open"]
[Site "Warsaw POL"]
[Date "2008.08.09"]
[Round "8"]
[White "Plichta,K"]
[Black "Marwan,A"]
[Result "1-0"]
[WhiteElo "2014"]
[BlackElo "2078"]

1.d4 d5 2.c4 dxc4 3.Nf3 Nf6 4.e3 e6 5.Bxc4 c5 6.Qe2 a6 7.Bb3 Nc6 8.O-O cxd4
9.exd4 Be7 10.Rd1 O-O 11.Nc3 Nb4 12.Bg5 Nfd5 13.Bd2 b6 14.a3 Nc6 15.Qe4 f5
16.Qe2 Bf6 17.Rac1 Qd6 18.Nxd5 exd5 19.Bf4 Qxf4 20.Bxd5+ Kh8 21.Bxc6 Ra7
22.d5 Qd6 23.b4 f4 24.Ba4 Re7 25.Rc6 Qd8 26.Qd3 Bd7 27.Rd6 Bxa4 28.Rxd8 Rxd8
29.Re1 Bb5 30.Qf5 Rxe1+ 31.Nxe1 Bc4 32.h3 Bxd5 33.Qxf4 h6 34.Nf3 Re8 35.Qd6 Bxf3
36.gxf3 Re1+ 37.Kg2 Ra1 38.Qxb6 Rxa3 39.Qc5 Rc3 40.Qf8+ Kh7 41.Qd6 Rb3 42.Kg3 Rb2
43.h4 h5 44.Qc5 g6 45.f4 Rb3+ 46.f3 Bc3 47.Qc4 Be1+ 48.Kg2 Rb2+ 49.Kh3 Bxb4
50.Qxa6 Bc3 51.Qe6 Bd4 52.f5 Rb6 53.fxg6+ Kh6 54.Qf5 Be3 55.Qf8+ Kxg6 56.Qe8+  1-0

[Event "Najdorf Memorial Open"]
[Site "Warsaw POL"]
[Date "2008.08.09"]
[Round "8"]
[White "Barwinski,D"]
[Black "Zickus,S"]
[Result "0-1"]
[WhiteElo "2183"]
[BlackElo "2269"]

1.d4 d5 2.Nf3 Nf6 3.c4 dxc4 4.e3 e6 5.Bxc4 c5 6.O-O a6 7.Nc3 b5 8.Bd3 Bb7
9.Qe2 cxd4 10.exd4 Be7 11.Bf4 Nc6 12.Rfd1 Nb4 13.Bb1 Nbd5 14.Be5 Rc8 15.Ne4 Qb6
16.h3 O-O 17.Nfg5 h6 18.Nxf6+ Nxf6 19.Bxf6 Bxf6 20.Nh7 Bxd4 21.Nxf8 Kxf8
22.Kf1 e5 23.Bf5 Re8 24.Rd2 Qc6 25.Qg4 h5 26.Qg5 g6 27.Rc2 Qd6 28.Bd3 e4
29.Be2 Qh2 30.Ke1 e3 31.f3 Qg1+ 32.Bf1 e2 33.Rxe2 Rxe2+ 34.Kxe2 Qf2+ 35.Kd3 Bxb2
36.Rd1 Kg7 37.Qe3 Qh4 38.Kc2 Bf6 39.g4 Qg3 40.Rd7 Qxf3 41.Qxf3 Bxf3 42.gxh5 gxh5
43.Ra7 Be4+ 44.Kd2 Bd5 45.Rxa6 b4 46.Ke3 Be6 47.Kf4 Kg6 48.Bd3+ Kg7 49.Bf5 Bc4
50.Ra4 Bc3 51.Ra7 Bd4 52.Ra4 Bc3 53.Bb1 Be6 54.h4 Kf6 55.Bc2 Bd2+ 56.Kf3 Bg4+
57.Kf2 Ke5 58.Bd3 f5 59.Be2 f4 60.Bf3 Kf6 61.Ra5 Bc3 62.Kg2 Be1 63.Rb5 Ke6
64.Bxg4+ hxg4 65.h5 Kf6 66.Kf1 Bc3 67.h6 Kg6 68.Rb6+ Kh7 69.Re6 Bd2 70.Kg2 Be3  0-1

[Event "US Open"]
[Site "Dallas USA"]
[Date "2008.08.10"]
[Round "9"]
[White "Bradford,J"]
[Black "Milovanovic,R"]
[Result "0-1"]
[WhiteElo "2418"]
[BlackElo "2390"]

1.d4 d5 2.Nf3 Nf6 3.c4 dxc4 4.e3 e6 5.Bxc4 c5 6.O-O a6 7.Bb3 Nc6 8.Qe2 cxd4
9.Rd1 Be7 10.exd4 O-O 11.Nc3 Nd5 12.Qe4 Nf6 13.Qh4 Qa5 14.Bf4 Ne4 15.Qh3 e5
16.g4 Nxc3 17.bxc3 exf4 18.d5 Nb8 19.d6 Bf6 20.Rd5 Qxc3 21.Rad1 Be6 22.Rh5 Bxb3
23.Rxh7 g6 24.axb3 Nd7 25.g5 Bg7 26.Re1 Rad8 27.Re4 b5 28.Kg2 Nc5 29.Rxf4 Rxd6
30.Rfh4 Ne6 31.Qg4 Rd5 32.Rh3 Rf5 33.Qh4 Nf4+ 34.Kg3 Nxh3  0-1

[Event "Acropolis Open"]
[Site "Athens GRE"]
[Date "2008.08.13"]
[Round "5"]
[White "Grigoriadis,A"]
[Black "Panagiotopoulos,A"]
[Result "1-0"]
[WhiteElo "2417"]
[BlackElo "2197"]

1.Nf3 d5 2.d4 Nf6 3.c4 dxc4 4.e3 e6 5.Bxc4 c5 6.O-O a6 7.a4 Nc6 8.Nc3 Be7
9.Qe2 Qc7 10.Rd1 O-O 11.e4 Ng4 12.g3 cxd4 13.Bf4 e5 14.Nd5 Qd8 15.Bd2 Nf6
16.Ne1 Be6 17.Nxf6+ Bxf6 18.Bxe6 fxe6 19.Nd3 Be7 20.Rac1 Rc8 21.Qg4 Qd7 22.h4 Bd6
23.h5 Qf7 24.Kg2 Kh8 25.Rh1 h6 26.Rc2 Nb8 27.Rhc1 Rxc2 28.Rxc2 Nd7 29.Qe2 Nf6
30.Bb4 Bxb4 31.Nxe5 Qxh5 32.Qxh5 Nxh5 33.Ng6+ Kg8 34.Nxf8 Kxf8 35.Rc4 Bd6
36.Rxd4 Ke7 37.f4 b6 38.e5 Bc5 39.Rc4 a5 40.g4 Nf6 41.exf6+ gxf6 42.Kf3 f5
43.gxf5 exf5 44.b3 Ke6 45.Rc2 Kd5 46.Rd2+ Bd4 47.Rh2 Kc5 48.Rh5 Kb4 49.Rxf5 Kxb3
50.Rd5 Bc5 51.f5 Bf8 52.Rb5+ Kxa4 53.Rxb6 Ka3 54.Ke4 a4 55.Kd3 Ka2 56.Kc2 a3
57.f6 h5 58.Rb8  1-0

[Event "Independence Cup A"]
[Site "Kyiv UKR"]
[Date "2008.08.13"]
[Round "1"]
[White "Kostiuk,T"]
[Black "Tkachev,I"]
[Result "1-0"]
[WhiteElo "2231"]
[BlackElo "1952"]

1.d4 d5 2.c4 dxc4 3.e3 Nf6 4.Bxc4 e6 5.Nf3 c5 6.O-O Nc6 7.Qe2 Qb6 8.Nc3 cxd4
9.exd4 Be7 10.d5 exd5 11.Nxd5 Nxd5 12.Bxd5 Qc7 13.Re1 Qd6 14.Bxc6+ bxc6 15.Bf4 Qb4
16.Nd4 Be6 17.Nxe6 fxe6 18.Qxe6 Rd8 19.Bg5 Rd7 20.Qxc6  1-0

[Event "IM"]
[Site "Panevezys LTU"]
[Date "2008.08.13"]
[Round "2"]
[White "Tsiganova,M"]
[Black "Sarakauskiene,Z"]
[Result "0-1"]
[WhiteElo "2241"]
[BlackElo "2197"]

1.d4 d5 2.c4 dxc4 3.Nf3 Nf6 4.e3 e6 5.Bxc4 c5 6.O-O a6 7.Bb3 Nc6 8.Qe2 Be7
9.Rd1 O-O 10.Nc3 Qc7 11.e4 cxd4 12.Nxd4 Nxd4 13.Rxd4 Nd7 14.Be3 Bc5 15.Rd3 Bd6
16.Rc1 Bxh2+ 17.Kh1 Be5 18.Na4 Qd8 19.Bc5 Qh4+ 20.Rh3 Qg5 21.Be3 Bf4 22.Rh5 Qf6
23.e5 Bxe5 24.Nb6 Nxb6 25.Bxb6 Bxb2 26.Rc2 Bd4 27.Bc7 Bd7 28.Rd2 Bb5  0-1

[Event "Petrovskaya Ladya GM1"]
[Site "Peterhof RUS"]
[Date "2008.08.13"]
[Round "2"]
[White "Zhidkov,V"]
[Black "Vorobjov,D"]
[Result "1/2-1/2"]
[WhiteElo "2346"]
[BlackElo "2256"]

1.d4 Nf6 2.Nf3 d5 3.c4 dxc4 4.e3 e6 5.Bxc4 c5 6.O-O a6 7.dxc5 Qxd1 8.Rxd1 Bxc5
9.a3 b6 10.b4 Be7 11.Bb2 Nbd7 12.Nbd2 Bb7 13.Be2 O-O 14.Nc4 Bd5 15.Nfe5 Nxe5
16.Bxe5 Nd7 17.Bd6 Bxd6 18.Nxd6 Nf6 19.Rac1 b5 20.Bf3 Bxf3 21.gxf3 Nd5 22.Nb7 Rfb8
23.Na5 Rc8 24.Rc5 Rxc5 25.bxc5 Rc8 26.c6 Kf8 27.e4 Nb6 28.Rd4  1/2-1/2

[Event "Acropolis Open"]
[Site "Athens GRE"]
[Date "2008.08.14"]
[Round "6"]
[White "Papadopoulou,V"]
[Black "Panagiotopoulos,A"]
[Result "1-0"]
[WhiteElo "2210"]
[BlackElo "2197"]

1.d4 d5 2.c4 dxc4 3.Nf3 Nf6 4.e3 e6 5.Bxc4 c5 6.O-O a6 7.a4 Nc6 8.Qe2 Qc7
9.Nc3 Be7 10.Rd1 O-O 11.b3 Rd8 12.Bb2 Bd7 13.Rac1 Rac8 14.h3 Qb6 15.d5 exd5
16.Nxd5 Nxd5 17.Bxd5 Nb4 18.Bxf7+ Kxf7 19.Ne5+ Ke8 20.Qh5+ g6 21.Qxh7 Qe6
22.Nxg6 Qf7 23.Qh8+ Bf8 24.Rd6 Bf5 25.Qe5+ Be7 26.Nxe7 Rxd6 27.Nxc8+ Re6
28.Nd6+  1-0

[Event "Open"]
[Site "Ptuj SLO"]
[Date "2008.08.14"]
[Round "7"]
[White "Podkriznik,G"]
[Black "Mazi,L"]
[Result "1/2-1/2"]
[WhiteElo "2370"]
[BlackElo "2350"]

1.d4 d5 2.Nf3 Nf6 3.c4 dxc4 4.e3 e6 5.Bxc4 c5 6.O-O a6 7.Bb3 b6 8.Qe2 Bb7
9.Nc3 cxd4 10.exd4 Be7 11.Bg5 O-O 12.Rad1 Ra7 13.Ne5 Nd5 14.Bc1 Nd7 15.Bxd5 exd5
16.Bf4 Nf6 17.Rc1  1/2-1/2

[Event "Acropolis Open"]
[Site "Athens GRE"]
[Date "2008.08.15"]
[Round "7"]
[White "Panagiotopoulos,A"]
[Black "Kokolias,K"]
[Result "1/2-1/2"]
[WhiteElo "2197"]
[BlackElo "2197"]

1.d4 d5 2.c4 dxc4 3.Nf3 Nf6 4.e3 e6 5.Bxc4 c5 6.O-O a6 7.b3 b5 8.Bd3 Bb7
9.Bb2 Be7 10.Nbd2 O-O 11.a4 cxd4 12.Bxd4 bxa4 13.Rxa4 Nc6 14.Qe2 a5 15.Nc4 Nxd4
16.Nxd4 Nd5 17.Rc1 Nb6 18.Rxa5 Nxc4 19.Rxa8 Qxa8 20.Rxc4 Bxg2 21.Ra4 Qb7
22.Ba6 Qa8 23.Bc4 Qb7 24.Ba6  1/2-1/2

[Event "Petrovskaya Ladya GM1"]
[Site "Peterhof RUS"]
[Date "2008.08.15"]
[Round "6"]
[White "Utkin,Alek"]
[Black "Vorobjov,D"]
[Result "0-1"]
[WhiteElo "2412"]
[BlackElo "2256"]

1.d4 Nf6 2.Nf3 d5 3.c4 dxc4 4.e3 e6 5.Bxc4 c5 6.O-O a6 7.Bb3 Nc6 8.Qe2 cxd4
9.Rd1 Be7 10.exd4 Na5 11.Bc2 b5 12.Nc3 Bb7 13.Bg5 O-O 14.d5 exd5 15.Qd3 g6
16.Re1 Ne4 17.Bxe7 Qxe7 18.Nxd5 Qc5 19.Rxe4 Bxd5 20.Re5 Rad8 21.Ng5 Qc4 22.Qh3 h5
23.Be4 Bxe4 24.Nxe4 Qd3 25.g3 Qf3 26.Qh4 Kg7 27.Re7 Nc6 28.Rc7 Nd4 29.Re1 Qf5
30.Rc3 Nf3+ 31.Rxf3 Qxf3 32.Nc3 Rd2 33.Rf1 Re8 34.Qf4 Qxf4 35.gxf4 Rxb2 36.Rd1 Rc2
37.Rd3 b4 38.Nd5 Rd8 39.f5 Rxd5 40.f6+ Kxf6 41.Rxd5 Rxa2 42.Rd6+ Ke5  0-1

[Event "Acropolis Open"]
[Site "Athens GRE"]
[Date "2008.08.16"]
[Round "8"]
[White "Pavlidou,E"]
[Black "Panagiotopoulos,A"]
[Result "1/2-1/2"]
[WhiteElo "2034"]
[BlackElo "2197"]

1.d4 d5 2.c4 dxc4 3.Nf3 Nf6 4.e3 e6 5.Bxc4 c5 6.O-O a6 7.a4 Nc6 8.Qe2 Qc7
9.Nc3 Be7 10.Rd1 O-O 11.h3 Rd8 12.b3 b6 13.Bb2 Bb7 14.d5 exd5 15.Nxd5 Nxd5
16.Bxd5 Na5 17.Bxb7 Qxb7 18.Qc2 Qc6 19.Ne5 Qe6 20.Nc4 Nxc4 21.Qxc4 Qxc4 22.bxc4 f6
23.Bc3 Kf7 24.Kf1 Ke6  1/2-1/2

[Event "U16 Olympiad"]
[Site "Mersin TUR"]
[Date "2008.08.17"]
[Round "1"]
[White "Feng,T"]
[Black "Rigopoulos Tsigkos,A"]
[Result "0-1"]
[WhiteElo "1602"]
[BlackElo "2018"]

1.d4 d5 2.c4 dxc4 3.e3 e6 4.Bxc4 Nf6 5.Nf3 c5 6.O-O a6 7.a4 Nc6 8.Nc3 Be7
9.b3 O-O 10.Bb2 cxd4 11.exd4 Nb4 12.Ne5 Nbd5 13.Qc2 Qc7 14.Rac1 Nxc3 15.Qxc3 Qd6
16.Rfd1 Nd5 17.Bxd5 Qxd5 18.Qc4 Rd8 19.Qc7 Bd7 20.Nxd7 Rxd7 21.Qc4 Bf6 22.Qxd5 Rxd5
23.Rc7 b5 24.f4 h6 25.Kf2 Rb8 26.Bc3 bxa4 27.bxa4 Rb3 28.Ke3 Ra3 29.Ra1 Bxd4+  0-1